| 000 | 00667nam a2200229 a 4500 | ||
|---|---|---|---|
| 999 |
_c1348 _d1348 |
||
| 001 | 1348 | ||
| 003 | BD-JhCC | ||
| 005 | 20171019093124.0 | ||
| 008 | 171018s2006 bg ||||| ||a| 000 0 ben d | ||
| 020 | _a9844125367 | ||
| 035 | _a(BD-JhCC)1348 | ||
| 040 |
_aBD-JhCC _dBD-JhCC |
||
| 041 | _aben | ||
| 082 |
_a741.5952 _bASF 2006 |
||
| 100 | _aআশরাফী, শহীদ | ||
| 245 |
_aভুলুর সমুদ্র পাড়ি / _cশহীদ আশরাফী |
||
| 260 |
_aঢাকা : _bঅন্যান্য প্রকাশনী, _c২০০৬. |
||
| 300 |
_a46 p. : _c21 cm. |
||
| 650 | _aTravel | ||
| 942 |
_2ddc _cBK |
||